[Event "Championnat de France 2022"]
[Site "ALBI"]
[Date "2022.08.21"]
[Round "9.2"]
[White "Roux, Nathan"]
[Black "Maxence, Paul"]
[Result "1/2-1/2"]
[WhiteElo "1486"]
[BlackElo "1544"]
[PlyCount "122"]
[EventDate "2022.??.??"]

1. d4 {4} Nf6 {6} 2. c4 {5} e6 {5} 3. Nc3 {4} d5 {6} 4. Bg5 {4} Be7 {6} 5. e3 {
8} h6 {6} 6. Bh4 {4} O-O {6} 7. Nf3 {7} b6 {74} 8. cxd5 {11} exd5 {80} 9. Rc1 {
226} Bb7 {75} 10. Bd3 {119} Nbd7 {125} 11. O-O {118} c5 {226} 12. dxc5 {426}
Nxc5 {170} 13. Bb1 {223} Ba6 {1117} 14. Ne5 {923} Rc8 {808} 15. Nd3 {1036} d4 {
696} 16. exd4 {378} Qxd4 {31} 17. Nxc5 {313} bxc5 {82} 18. Bxf6 {129} Bxf6 {49}
19. Qc2 {123} g6 {82} 20. Rfd1 {16} Qc4 {948} 21. Rd6 {403} Bg7 {576} 22. a3 {
250} Bb7 {317} 23. Ba2 {82} Qf4 {24} 24. Rxg6 {151} Rfd8 {177} 25. Rd1 {207}
Kh8 {129} 26. Rg3 {183} Rxd1+ {115} 27. Qxd1 {377} Qd4 {84} 28. Qb3 {196} Re8 {
75} 29. h3 {85} Re1+ {34} 30. Kh2 {5} Be5 {58} 31. Qxb7 {55} Bxg3+ {6} 32. Kxg3
{7} Qe5+ {75} 33. Kf3 {48} Qf5+ {58} 34. Kg3 {7} Qg5+ {15} 35. Kf3 {22} Re7 {56
} 36. Qb8+ {26} Kg7 {50} 37. Qg3 {22} Rb7 {21} 38. Qxg5+ {48} hxg5 {5} 39. Na4
{11} f5 {30} 40. Bc4 {36} Kf6 {49} 41. b3 {21} Rc7 {30} 42. Nc3 {33} Ke5 {12}
43. g3 {63} Rh7 {146} 44. Kg2 {55} Rd7 {149} 45. Nd5 {148} Rb7 {393} 46. f4+ {
245} gxf4 {33} 47. Nxf4 {5} Rd7 {238} 48. Nd5 {48} a5 {88} 49. a4 {102} Rb7 {74
} 50. g4 {135} fxg4 {54} 51. hxg4 {7} Rg7 {78} 52. Kg3 {14} Rh7 {52} 53. g5 {
179} Rh1 {58} 54. Kg4 {23} Rg1+ {15} 55. Kh5 {12} Rh1+ {4} 56. Kg6 {12} Rg1 {28
} 57. Nf6 {110} Rg2 {110} 58. Nh7 {23} Kd6 {57} 59. Kg7 {20} Ke7 {8} 60. g6 {27
} Rg3 {47} 61. Kh8 {44} Rxg6 {10} 1/2-1/2

[Event "Championnat de France 2022"]
[Site "ALBI"]
[Date "2022.08.21"]
[Round "9.3"]
[White "Thouard, Axel"]
[Black "Samouelian, Solal"]
[Result "1-0"]
[WhiteElo "1454"]
[BlackElo "1543"]
[PlyCount "119"]
[EventDate "2022.??.??"]

1. e4 {4} c5 {29} 2. Nf3 {6} Nc6 {37} 3. d4 {7} cxd4 {24} 4. Nxd4 {7} Nf6 {39}
5. Nc3 {13} e5 {20} 6. Ndb5 {80} d6 {10} 7. Be3 {150} a6 {60} 8. Na3 {8} b5 {19
} 9. Nd5 {7} Nxd5 {11} 10. exd5 {10} Ne7 {67} 11. c4 {86} bxc4 {156} 12. Nxc4 {
59} Rb8 {104} 13. Qa4+ {124} Rb5 {20} 14. Nb6 {30} Bd7 {55} 15. Nxd7 {23} Qxd7
{35} 16. Bxb5 {29} axb5 {39} 17. Qa8+ {34} Qd8 {26} 18. Qxd8+ {10} Kxd8 {4} 19.
O-O-O {98} Nf5 {27} 20. Kb1 {34} Be7 {43} 21. Rc1 {72} Kd7 {139} 22. Bb6 {88}
Rb8 {33} 23. Rc7+ {15} Ke8 {11} 24. Rc6 {97} f6 {116} 25. Rhc1 {105} Rb7 {67}
26. g4 {130} Nh4 {78} 27. Rc8+ {87} Kf7 {20} 28. Bd8 {46} Bxd8 {66} 29. Rxd8 {6
} Nf3 {28} 30. Rxd6 {49} b4 {34} 31. Rdc6 {31} Rb5 {30} 32. Rc7+ {18} Kg6 {7}
33. Rd1 {102} Nd4 {44} 34. Rc4 {91} Rxd5 {23} 35. Rxb4 {49} Kg5 {21} 36. h3 {78
} g6 {119} 37. a4 {136} Kh4 {74} 38. Rd3 {43} Rc5 {71} 39. Rb6 {122} Ne2 {42}
40. Rxf6 {132} Rc1+ {55} 41. Ka2 {10} Rf1 {30} 42. Ka3 {182} Nf4 {131} 43. Rf3
{84} Ra1+ {160} 44. Kb3 {124} Ne2 {203} 45. Kb4 {150} Nd4 {54} 46. Rc3 {31} Ne2
{33} 47. Ra3 {20} Rb1 {34} 48. b3 {123} Nd4 {49} 49. Kc4 {9} Rc1+ {47} 50. Kd3
{77} Rd1+ {25} 51. Kc3 {66} Rc1+ {54} 52. Kd2 {33} Rc2+ {27} 53. Kd3 {30} Rb2 {
77} 54. a5 {53} Nb5 {36} 55. Ra4 {32} Rxb3+ {19} 56. Kc4 {9} Nd4 {34} 57. a6 {
33} Rb8 {29} 58. a7 {7} Rc8+ {23} 59. Kd3 {9} g5 {170} 60. Rh6# {20} 1-0

[Event "Championnat de France 2022"]
[Site "ALBI"]
[Date "2022.08.21"]
[Round "9.4"]
[White "Bendahan, Isaac"]
[Black "Leprince, Solal"]
[Result "1-0"]
[WhiteElo "1438"]
[BlackElo "1474"]
[PlyCount "67"]
[EventDate "2022.??.??"]

1. e4 e5 {11} 2. Nf3 {6} Nc6 {4} 3. Bc4 {6} Bc5 {23} 4. c3 {8} Nf6 {4} 5. d4 {5
} exd4 {4} 6. e5 {7} d5 {4} 7. Bb5 {4} Ne4 {8} 8. cxd4 {4} Bb6 {6} 9. O-O {13}
Bg4 {4} 10. Bxc6+ {80} bxc6 {5} 11. Be3 {24} O-O {36} 12. Nc3 {12} f6 {105} 13.
Nxe4 {578} dxe4 {83} 14. Qb3+ {43} Kh8 {165} 15. Nd2 {135} Rb8 {386} 16. Qc3 {
62} f5 {168} 17. f3 {330} exf3 {342} 18. Nxf3 {16} f4 {42} 19. Bf2 {110} Qd5 {
269} 20. Rfd1 {119} Ba5 {295} 21. Qa3 {464} Rfd8 {309} 22. Rab1 {81} Bf5 {141}
23. Rbc1 {28} Rb5 {66} 24. Qe7 {217} h6 {437} 25. Rxc6 {250} Bb4 {274} 26. Qh4
{198} Qd7 {397} 27. e6 {62} Qe8 {156} 28. Rxc7 {154} Bxe6 {38} 29. Rxa7 {137}
Bd6 {51} 30. d5 {269} Bxd5 {202} 31. Bd4 {30} Rd7 {34} 32. Bxg7+ {116} Kxg7 {32
} 33. Qg4+ {29} Kf8 {46} 34. Rxd7 {32} 1-0

[Event "Championnat de France 2022"]
[Site "ALBI"]
[Date "2022.08.21"]
[Round "9.5"]
[White "Lutz, Matteo"]
[Black "Masalles, Roland"]
[Result "1-0"]
[WhiteElo "1516"]
[BlackElo "1458"]
[PlyCount "63"]
[EventDate "2022.??.??"]

1. c4 {1} Nf6 {13} 2. Nc3 {6} d6 {26} 3. d4 {30} g6 {13} 4. e4 {49} Bg7 {7} 5.
Nf3 {48} O-O {83} 6. Be3 {56} Nbd7 {48} 7. Be2 {162} e5 {113} 8. dxe5 {243}
Nxe5 {83} 9. Nxe5 {17} dxe5 {8} 10. O-O {43} Be6 {547} 11. b4 {599} Nh5 {386}
12. Bxh5 {731} gxh5 {13} 13. Qxh5 {14} Bxc4 {44} 14. Rfd1 {4} Qe8 {137} 15. Bc5
{21} f5 {64} 16. Qxe8 {119} Rfxe8 {36} 17. exf5 {27} b6 {260} 18. Be3 {42} Rad8
{272} 19. Ne4 {298} Kf7 {1261} 20. Rac1 {529} Bxa2 {244} 21. Rxc7+ {30} Kg8 {
632} 22. Rdd7 {149} Rxd7 {161} 23. Rxd7 {5} Rc8 {202} 24. Rxa7 {780} Rd8 {227}
25. f3 {93} Bf7 {383} 26. Bg5 {162} Rf8 {206} 27. f6 {129} Bh8 {86} 28. Bh6 {12
} Rd8 {267} 29. Ng5 {22} Bxf6 {138} 30. Rxf7 {12} Bxg5 {29} 31. Rg7+ {6} Kh8 {
153} 32. Rxg5 {6} 1-0